| 000 | 00915nam a2200277 a 4500 | ||
|---|---|---|---|
| 003 | CO-ViMGA | ||
| 005 | 20230915233136.0 | ||
| 008 | 120102s2012 ck a gr 00110dspa d | ||
| 020 | _a9789589076798 | ||
| 040 |
_aCO-ViMGA _bspa _cCO-ViMGA |
||
| 082 | 0 | 4 |
_a616.72 _bM654 _220 |
| 245 | 0 | 0 |
_aReumatología / _ceditores Javier Molina L. ... [et al.]. |
| 250 | _a7a. ed. | ||
| 260 |
_aMedellín : _bCorporación para Investigaciones Biológicas, _c2012. |
||
| 300 |
_axxxiii, 997 p. : _bil. ; _c23 cm. |
||
| 490 | 0 | _aFundamentos de medicina | |
| 504 | _aIncluye bibliografía e índice. | ||
| 650 | 1 | 4 |
_aArtritis reumatoide. _93652 |
| 650 | 1 | 4 |
_aArtritis reumatoide _x Diagnóstico. _93656 |
| 650 | 1 | 4 |
_aArtritis reumatoide _x Tratamiento. _93654 |
| 650 | 1 | 4 |
_aArtritis. _93651 |
| 650 | 1 | 4 |
_aReumatismo. _93653 |
| 650 | 1 | 4 |
_aReumatología. _93655 |
| 700 | 1 |
_aMolina L., Javier, _eed. _93657 |
|
| 942 |
_2ddc _cBK |
||
| 999 |
_c35580 _d35580 |
||